| 000 | 00612nam a2200241Ia 4500 | ||
|---|---|---|---|
| 003 | OSt | ||
| 005 | 20221006144729.0 | ||
| 006 | a|||||r|||| 00| 0 | ||
| 007 | ta | ||
| 008 | 221006b |||||||| |||| 00| 0 eng d | ||
| 020 | _cP17.95 | ||
| 024 | _a12,524 | ||
| 037 | _cTextual | ||
| 040 |
_aEASL _cEASL _beng |
||
| 041 |
_2eng _aeng |
||
| 082 | _aV41.N89, N2 | ||
| 100 |
_aBROOK Timothy _931066 |
||
| 245 | 0 | _aQuelling the people | |
| 260 |
_aNew York _bOxford University _c1992 |
||
| 300 |
_a265p. _ccm. |
||
| 942 |
_hV41.N89, N2 _cTEXL _2CC |
||
| 999 |
_c1080610 _d1080610 |
||